សិក្សាប្រព័ន្ធដាំដុះដំណាំស្រូវបន្ទាប់ពីដំណាំជីស្រស់ (Record no. 28)
[ view plain ]
| 000 -LEADER | |
|---|---|
| fixed length control field | 00525nam a22001577a 4500 |
| 003 - CONTROL NUMBER IDENTIFIER | |
| control field | OSt |
| 005 - DATE AND TIME OF LATEST TRANSACTION | |
| control field | 20150905141542.0 |
| 008 - FIXED-LENGTH DATA ELEMENTS--GENERAL INFORMATION | |
| fixed length control field | 150905b xxu||||| |||| 00| 0 eng d |
| 040 ## - CATALOGING SOURCE | |
| Transcribing agency | RUA |
| 082 ## - DEWEY DECIMAL CLASSIFICATION NUMBER | |
| Classification number | AGR ឃួន 1991 B002 Or.1 |
| 100 ## - MAIN ENTRY--PERSONAL NAME | |
| 9 (RLIN) | 29 |
| Personal name | ឃូន សាមឿន |
| 245 ## - TITLE STATEMENT | |
| Title | សិក្សាប្រព័ន្ធដាំដុះដំណាំស្រូវបន្ទាប់ពីដំណាំជីស្រស់ |
| 260 ## - PUBLICATION, DISTRIBUTION, ETC. (IMPRINT) | |
| Place of publication, distribution, etc. | Phnom Penh |
| Name of publisher, distributor, etc. | RUA |
| Date of publication, distribution, etc. | 1991 |
| 300 ## - PHYSICAL DESCRIPTION | |
| Extent | 44p. |
| Other physical details | ill. |
| Dimensions | 29cm. |
| 942 ## - ADDED ENTRY ELEMENTS (KOHA) | |
| Source of classification or shelving scheme | |
| Koha item type | AGR |
| Price effective from | Date last seen | Permanent Location | Not for loan | Date acquired | Source of classification or shelving scheme | Koha item type | Lost status | Withdrawn status | Date last checked out | Total Checkouts | Shelving location | Damaged status | Barcode | Current Location | Full call number |
|---|---|---|---|---|---|---|---|---|---|---|---|---|---|---|---|
| 2015-09-05 | 2015-09-05 | Library Block B | 2015-09-05 | AGR | B002 | RUA003144 | Library Block B | AGR ឃួន 1991 B002 Or.1 | |||||||
| 2015-09-05 | 2015-09-05 | Library Block B | 2015-09-05 | AGR | B002 | RUA003143 | Library Block B | AGR ឃួន 1991 B002 Or.2 | |||||||
| 2015-09-05 | 2015-09-05 | Library Block B | 2015-09-05 | AGR | B002 | RUA003866 | Library Block B | AGR ឃួន 1991 B002 Or.3 | |||||||
| 2015-09-05 | 2015-09-05 | Library Block B | 2015-09-05 | AGR | B002 | RUA003870 | Library Block B | AGR ឃួន 1991 B002 Or.4 | |||||||
| 2015-09-05 | 2015-09-05 | Library Block B | 2015-09-05 | AGR | B002 | RUA003942 | Library Block B | AGR ឃួន 1991 B002 Or.5 | |||||||
| 2015-09-05 | 2016-08-26 | Library Block B | 2015-09-05 | AGR | 2016-07-04 | 1 | B002 | RUA003140 | Library Block B | AGR ឃួន 1991 B002 Or.6 | |||||
| 2015-09-05 | 2015-09-05 | Library Block B | 2015-09-05 | AGR | B002 | RUA003941 | Library Block B | AGR ឃួន 1991 B002 Or.7 | |||||||
| 2015-09-05 | 2015-09-05 | Library Block B | 2015-09-05 | AGR | B002 | RUA003939 | Library Block B | AGR ឃួន 1991 B002 Or.8 |